| 000 | 01294nam a2200169 4500 | ||
|---|---|---|---|
| 999 |
_c512856 _d512856 |
||
| 008 | 191223b ||||| |||| 00| 0 eng d | ||
| 100 |
_aXiaolong, Tian _914817 |
||
| 245 | _aBeyond NPM to post-NPM?: A study of China's government reforms over the past 40 years | ||
| 260 | _bAmerican Review of Public Administration | ||
| 300 | _a49(7), Oct, 2019: p.855-865. | ||
| 520 | _aThis article examines China’s government reforms over the past 40 years from an instrumental–structural and a cultural–value perspective with the aim of exploring the supposed shift from New Public Management (NPM) to post-NPM. It finds that some aspects of the Old Public Administration (OPA) have been combined with NPM and post-NPM features in a layering process, resulting in new hybrid organizational forms and value orientations. In particular, the analysis shows that China’s post-NPM-oriented reforms have focused on positive coordination in the sense of super-ministries and networks on the one hand and value-based governance with a service orientation on the other hand.- Reproduced. | ||
| 650 |
_aNew public management - China _914818 |
||
| 700 |
_aChristensen, Tom _914819 |
||
| 773 | _aAmerican Review of Public Administration | ||
| 906 | _aPublic administration - China | ||
| 942 |
_2ddc _cAR |
||